Fr. Conceicao Rodrigues College of Engineering

Bad luck and trouble (Record no. 30662)

MARC details
000 -LEADER
fixed length control field 00305nam a2200157Ia 4500
082 ## - DEWEY DECIMAL CLASSIFICATION NUMBER
Classification number 808.3
Item number CHI
100 ## - MAIN ENTRY--PERSONAL NAME
Personal name Child/Lee
245 ## - TITLE STATEMENT
Title Bad luck and trouble
260 ## - PUBLICATION, DISTRIBUTION, ETC.
Name of publisher, distributor, etc. Bantam Books
Date of publication, distribution, etc. 2007
366 ## - TRADE AVAILABILITY INFORMATION
Publishers's discount category 20
300 ## - PHYSICAL DESCRIPTION
Extent 527
546 ## - LANGUAGE NOTE
Language note ENGLISH
650 ## - SUBJECT ADDED ENTRY--TOPICAL TERM
Topical term or geographic name entry element Fiction
942 ## - ADDED ENTRY ELEMENTS (KOHA)
Koha item type BOOK
Holdings
Withdrawn status Lost status Damaged status Not for loan Collection Home library Current library Date acquired Source of acquisition Inventory number Total Checkouts Full call number Barcode Date due Date last seen Date last checked out Price effective from Koha item type
        CRC Fr. Agnel's C.Rodrigues College of Engineering AGNEL TECHNICAL COLLEGE LIBRARY 17/03/2023 Dharma Enterprises 3191 dt 30/11/2009 1 808.3 CHI 20230 28/11/2025 18/11/2025 18/11/2025   BOOK